Эдейка (Запись № 12154602)

Подробности
000 -МАРКЕР
контрольное поле 01765nam0a2200397 4500
001 - ИДЕНТИФИКАТОР ЗАПИСИ
контрольное поле RU\NLR\BIBL_A\012485602
005 - ИДЕНТИФИКАТОР ВЕРСИИ
контрольное поле 20210610114834.0
010 ## - МЕЖДУНАРОДНЫЙ СТАНДАРТНЫЙ НОМЕР КНИГИ (ISBN)
Номер (ISBN) 978-5-907297-41-8
Тираж 500
021 ## - НОМЕР ГОСУДАРСТВЕННОЙ РЕГИСТРАЦИИ
Код страны Российская Федерация
Номер АЛ-П-20-00808и
Номер Листа государственной регистраци АЛ-П-20-0154
035 ## - ДРУГИЕ СИСТЕМНЫЕ НОМЕРА
Идентификатор записи (NLR Aleph) 012485602
035 ## - ДРУГИЕ СИСТЕМНЫЕ НОМЕРА
Идентификатор записи (RuMoRGB)010483776
100 ## - ДАННЫЕ ОБЩЕЙ ОБРАБОТКИ
Данные общей обработки 20210325d2020 u y0rusy50 ca
101 1# - ЯЗЫК РЕСУРСА
Язык текста, звукозаписи и т.д. русский
Язык оригинала ненецкий (юрако-самоедский)
102 ## - СТРАНА ПУБЛИКАЦИИ ИЛИ ПРОИЗВОДСТВА
Страна публикации Российская Федерация
105 ## - ПОЛЕ КОДИРОВАННЫХ ДАННЫХ: ТЕКСТОВЫЕ МАТЕРИАЛЫ, МОНОГРАФИЧЕСКИЕ
Кодированные данные о монографическом текстовом документе a|||z|||000ay
200 1# - ЗАГЛАВИЕ И СВЕДЕНИЯ ОБ ОТВЕТСТВЕННОСТИ
Основное заглавие Эдейка
Первые сведения об ответственности Екатерина Галяткина, Юлия Никитина
Последующие сведения об ответственности по мотивам поэмы Леонида Лапцуя,
-- перевод с ненецкого Наталии Грудининой
210 ## - ПУБЛИКАЦИЯ, РАСПРОСТРАНЕНИЕ И ДР.
Место издания, распространения и т.д. Екатеринбург
Имя издателя, распространителя и т. д. Альфа Принт
Дата издания, распространения и т.д. 2020
215 ## - ФИЗИЧЕСКАЯ ХАРАКТЕРИСТИКА
Специфическое обозначение материала и объем 67, [1] с.
Другие сведения о физической характеристике цв. ил.
Размеры 27
300 ## - ОБЩИЕ ПРИМЕЧАНИЯ
Текст примечания На авантит.: Фестиваль ямальской книги
686 0# - ИНДЕКСЫ ДРУГИХ КЛАССИФИКАЦИЙ
Индекс Щ153(2=Н)7-475
686 2# - ИНДЕКСЫ ДРУГИХ КЛАССИФИКАЦИЙ
Индекс Ш6(2=Нен)7-5Лапцуй
686 2# - ИНДЕКСЫ ДРУГИХ КЛАССИФИКАЦИЙ
Индекс Ш6(2=Р)8-499Галяткина
700 #1 - ИМЯ ЛИЦА - ПЕРВИЧНАЯ ОТВЕТСТВЕННОСТЬ
Начальный элемент ввода Галяткина
Часть имени, кроме начального элемента ввода Е.
Расширение инициалов личного имени Екатерина
701 #1 - ИМЯ ЛИЦА - АЛЬТЕРНАТИВНАЯ ОТВЕТСТВЕННОСТЬ
Графика поля Кириллица
Материалы, к которым относится поле rus
Начальный элемент ввода Никитина
Часть имени, кроме начального элемента ввода Ю. В.
Дополнения к именам, кроме дат художник
Даты 1988-
Расширение инициалов личного имени Юлия Владимировна
Системный номер авторитетной/нормативной записи 146151
Идентификатор авторитетной/нормативной записи RU\NLR\AUTH\770146187
702 #1 - ИМЯ ЛИЦА - ВТОРИЧНАЯ ОТВЕТСТВЕННОСТЬ
Код отношения Прочие
Графика поля Кириллица
Материалы, к которым относится поле rus
Начальный элемент ввода Лапцуй
Часть имени, кроме начального элемента ввода Л. В.
Даты 1932-1982
Расширение инициалов личного имени Леонид Васильевич
Системный номер авторитетной/нормативной записи 230924
Идентификатор авторитетной/нормативной записи RU\NLR\AUTH\770230980
712 12 - НАИМЕНОВАНИЕ ОРГАНИЗАЦИИ - ВТОРИЧНАЯ ОТВЕТСТВЕННОСТЬ
Код отношения Прочие
Начальный элемент ввода Фестиваль ямальской книги
Порядковый номер временной организации и / или порядковый номер ее части 4
Место проведения временной организации Салехард
Дата проведения временной организации 2020
Системный номер авторитетной/нормативной записи 750046
Идентификатор авторитетной/нормативной записи RU\NLR\AUTH\880542847
942 ## - ДОПОЛНИТЕЛЬНЫЕ ЭЛЕМЕНТЫ ЗАПИСИ (АБИС)
Тип экземпляра АБИС Книга
980 ## - КОЛЛЕКЦИЯ
Название коллекции НБР
980 ## - КОЛЛЕКЦИЯ
Название коллекции Национальная библиография

Нет доступных экземпляров.